MDQL
is popping MORE tags! Check the
thread
!
Quizzes
Events
Quiz Creation
Community
Videos
Private Events
Remove Ads
Sign In
Join for FREE
Feedback
Dark Mode
Quiz Categories
Sports
Geography
Music
Movies
Television
Just For Fun
Miscellaneous
History
Literature
Language
Science
Gaming
Entertainment
Religion
Holiday
For Kids
Quiz Lab
Recent
Popular Today
Quiz Kudos Today
Editor Picks
Curator Picks
Quizzes by...
Day
Popularity
Type
Ratings
Length
Year
Community
Subscriptions
Recent Discussions
Orange Saloon
Badges
Playlists
Quests
Create
Leaderboards
Showdown
Live 5
Trivia Bingo
Activity
Puzzle Library
Sporcle Events
Private Events
Virtual Trivia
Globe League
Become a Host
Pub Owners
SporcleCon
Opinionation
Our Games
Videos
Blog
Mobile Apps
Partnerships
Remove Ads and Go Orange
Feedback
Music
Pop Music
The Beatles
Song
Album
Lyrics
Bands
Singers
Artist
Clip
Rock
Rap
Classical
Billboard
Country Music
Kpop
Taylor Swift
Music
Pop Music
The Beatles
Song
Album
Lyrics
Bands
Singers
Artist
Clip
Rock
Rap
Classical
Billboard
Country Music
Kpop
Taylor Swift
Random Quiz
Search Sporcle
×
Quiz Lab
Quiz Lab
Music
Ace
Type in answers that appear in a list
Type in answers that appear in a list
Classic
Best Score? Go Orange.
Ace Of Base Singles Stats
Can you name the Ace Of Base Singles?
By
davearama
12m
31 Questions
70 Plays
70 Plays
70 Plays
Comments
Comments
Give Quiz Kudos
Give Quiz Kudos
-
- Ratings
hide this ad
Replay
Link that replays current quiz
Next Quiz
Link to next quiz in quiz playlist
You Got
0%
They Got
Avg Score
49%
Avg Friend Score
Upgrade to see
Score Distribution
Jump to the score distribution portion of the page
Score
0/31
Timer
12:00
0
Plays Today
Hint
Answer
% Correct
The Sign 1993
The Sign
98.6%
Happy Nation /
The Sign 1992/
93
All That She Wants
95.7%
Flowers /
Cruel Summer 1998
Cruel Summer
88.6%
Happy Nation 1993
Happy Nation
87.1%
The Bridge 1995
Beautiful Life
84.3%
The Sign 1994
Don't Turn Around
82.9%
Flowers 1998
Life Is A Flower
74.3%
Happy Nation 1992
Wheel Of Fortune
71.4%
The Bridge 1995
Lucky Love
70%
The Sign 1994
Living In Danger
65.7%
Flowers 1998
Always Have Always WIll
62.9%
The Bridge 1996
Never Gonna Say I'm Sorry
60%
Da Capo 2002
Beautiful Morning
57.1%
Flowers 1999
Every Time It Rains
55.7%
Happy Nation 1993
Waiting For Magic
52.9%
Singles of the 90s 1999
C'est La Vie
52.9%
Hint
Answer
% Correct
Da Capo 2002
Unspeakable
52.9%
Singles of the 90s 2000
Hallo Hallo
51.4%
Flowers 1998
Travel To Romantis
50%
The Golden Ratio 2010
All For You
48.6%
Cruel Summer 1998
Whenever You're Near Me
45.7%
Da Capo 2002
The Juvenile
40%
My Story (Jenny Berggren) 2010
Here I Am
28.6%
Greatest Hits 2008
Wheel Of Fortune 2009
25.7%
My Story (Jenny Berggren) 2010
Gotta Go
25.7%
Cruel Summer 1999
Cecilia
0%
Danish Eurovision (Jenny B) 2011
Let Your Heart Be Mine
0%
Så mycket bättre (Jenny B) 2015
Come
0%
Hidden Gems 2015
Would You Believe
0%
Så mycket bättre (Jenny B) 2015
Push Play
0%
Jenny Berggren 2022
Open & Alive
0%
Quiz Playlist
Details
Report
Send in Message
Add To Playlist
Classic:
Type in answers that appear in a list
Quiz Source
Last Updated: Mar 27, 2024
Quiz Scoreboard
CHALLENGE
Sign Up to Join the Scoreboard
Show All
Scores
Hide
Comments
May contain spoilers
Recently Published
Two Season TV Shows II
by 123Four
Television
10m
Image Sorting: Flags VI
by Barbecue
Geography
2m
Find the 'City' Movie
by crazypaving
Movies
60s
More to Explore
Quiz From the Vault
Featured Blog Post
14 Easter Pick-up Lines to Find Eggs With
hide this ad
You Might Also Like...
Tags
Ace
base
Single
Today's Top Quizzes in Music
Browse Music
hide this ad
Today's Top Quizzes in Ace
Browse Ace
Top Contributed Quizzes in Music
1
5X2 Blitz: Bands II
2
5X2 Blitz: The Beatles
3
Taylor Swift All Songs (2024)
4
5X2 Blitz: Billboard
5
5X2 Blitz: Billboard II
6
5X2 Blitz: Album
7
5X2 Blitz: Rock
8
5X2 Blitz: Singers
9
Music Artist by Three 2010s hits
10
5X2 Blitz: Lyrics
Explore More
Trending Topics
Kpop
Harry Potter
Crossword
Disney
NBA
Anime
Marvel
WWE
Soccer
Pokémon
The Office
Song
NFL
Puzzle
Country
hide this ad
More By:
davearama
Quiz
Plays
Rating
Category
Featured
Created
Bananarama songs
297
3.00
Music
Aug 14, 2013
Human League Songs
104
3.00
Music
Aug 22, 2013
Ace Of Base Singles
70
Music
Aug 29, 2013
Jody Watley Singles
34
5.00
Music
Aug 27, 2013
The Pipettes Songs
34
5.00
Music
Aug 22, 2013
Go to Creator's Profile
Score Distribution
Quiz Creator Spotlight
davearama
Follow
Send a Message
Quizzes Created
-
Created Quiz Play Count
-
More By This Creator
Popular Quizzes Today
1
Colored Red Africa Blitz
2
Find the US States - No Outlines Minefield
3
Find the 'City' Movie
4
5x2 Blitz: Bands
5
The Countries of the World
6
Find the US States
7
Find the Countries of Europe - No Outlines Minefield
8
US States
More Music Quizzes
Imagine Dragons - Bones Lyrics
Quiz Lab
Trending Quizzes
Colored Red Europe Blitz I
Colored Red Africa Blitz II
Colored Red Europe Blitz II
Colored Red Africa Blitz III
Colored Red Europe Blitz III
Recently Updated
How Do You Spell That?
pecheneg
Godzilla Movies
pecheneg
Grab Bag: 4-10 Letters
pecheneg
2024 March Madness Bracket
pecheneg
Famous TV Couples
Peacemaker
Champions League XIs: Real Madrid
pecheneg
Largest US Cities 1790-2010
pecheneg
Rides in Walt Disney World
pecheneg
Most Oscar Losses (Acting)
pecheneg
Beyoncé Albums
pecheneg
Trending Topics
Disney
Harry Potter
Marvel
Anime
Crossword
NBA
Kpop
WWE
Pokémon
The Office
Soccer
NFL
Puzzle
Song
Country
Your Account Isn't Verified!
In order to create a playlist on Sporcle, you need to verify the email address you used during registration. Go to your
Sporcle Settings
to finish the process.
Report this User
Report this user for behavior that violates our
Community Guidelines
.
Details:
Send Report
Go to the Sporcle.com Mobile Site →
Comments